000 01389cam a22003737a 4500
003 CHAP
005 20251002103646.0
008 010529d1999 mx r 00110 spa d
010 _a83988
011 _a84960
035 _a95486
040 _cCHAP
090 _aTesis
100 0 0 _aMuñoz Méndez, Nuria Mirna.
_979640
245 1 0 _aConsumo voluntario y digestibilidad de dos gramineas forrajeras solas y asociadas a Kudzu (Pueraria phaseoloides) en ovinos
_c/por Nuria Mirna Muñoz Méndez
260 _aHuehuetán, Chis. :
_bEl autor,
_c1999.
300 _a50 h. :
_bgráfs.
502 _aTesis (Ing. Agr. Zootecnista) -- Universidad Nacional Autónoma de Chiapas. Facultad de Ciencias Agrícolas Campus IV
590 _aALEPH
_b10
_c20130110
_lUCH01
_h1442
590 _aBATCH-UPD
_b10
_c20130109
_lUCH01
_h2354
590 _aBATCH-UPD
_b10
_c20130110
_lUCH01
_h0357
590 _aBATCH-UPD
_b10
_c20130110
_lUCH01
_h2249
590 _aBATCH-UPD
_b10
_c20130410
_lUCH01
_h0457
590 _aBATCH-UPD
_b10
_c20130914
_lUCH01
_h1134
590 _aCONVERSION
_b10
_c20130109
_lUCH01
_h1347
650 1 4 _aCynodon plectostachyus.
_930802
650 1 7 _aDigitaria decumbens
_2
_932575
650 1 4 _aGanado lanar
_xAlimentación.
_945153
650 1 4 _aKudzu.
_964031
901 _aBK
905 _aMayto Villalobos S.
942 _cTESIS
949 _aTesis
_bBC
_cTES
_d954861
_eTS1
_h38058
_i95486
_sb
999 _c83988
_d83988